Statystyki dla Państwa z bizonami

Kliknij tutaj aby rozwiązać quiz!

Ogólne statystyki

  • Ten quiz został rozwiązany 50 razy
  • Średni wynik to 8 z 11

Statystyki odpowiedzi

Państwo% Poprawnych
Kanada
94%
Stany zjednoczone
94%
Meksyk
90%
Rosja
85%
Niemcy
73%
Polska
73%
Ukraina
71%
Białoruś
69%
Czechy
67%
Litwa
67%
Słowacja
65%

Rozkład punktacji

Percentyl według liczby udzielonych odpowiedzi

Procent ludzi z każdym wynikiem

Twoja historia wyników

Nie rozwiązałeś tego quizu